Quiz Wiedzy o Ekstraklasie #4 - Statystyki

Ogólne statystyki
  • Ten quiz został rozwiązany 253 razy
  • Średni wynik to 4 z 10
Statystyki odpowiedzi
Hint Odpowiedź % Poprawnych
Ile lat ma napastnik Paweł Brożek? 36
97%
Ile razy Legia Warszawa przegrała w sezonie 2017/2018 11
92%
Jakiego klubu jest wychowankiem Tomasz Frankowski? Jagiellonia Białystok
76%
Największa liczba strzelonych goli przez jednego zawodnika podczas jednego sezonu 37
73%
Jaki będzie sponsor tytularny Ekstraklasy od sezonu 2019/2020? IPKO
48%
Kto został królem strzelców w sezonie 2014/2015? Kamil Wilczek
20%
Kto jest najbardziej bramkostrzelnym obcokrajowcem Ekstraklasy w historii? Miroslav Radovic
19%
Kto strzelił najładniejszą bramkę sezonu 2008/2009? Robert Lewandowski
17%
Jak nazywa się oficjalna piłka ligowa Ekstraklasy? Conext 19
3%
Kto był pierwszym prezesem w historii Ekstraklasy? Roman Górecki
0%
Nie znaleziono quizów pasujących do podanych kryteriów
Rozkład punktacji
Procent ludzi z każdym wynikiem
Percentyl według liczby udzielonych odpowiedzi
Twoja historia wyników
Nie rozwiązałeś tego quizu